Taylor Swift - Paroles That's When (feat. Keith Urban) - Statistiques

Statistiques générales
  • Ce quiz a été pris 13 fois
  • Le résultat moyen est 262 sur 311
Statistiques - réponses
Hint Réponse % Correct
And
100%
and
100%
"I
100%
I
100%
in
100%
in,
100%
Mm-mm
100%
mornin'
100%
that's
100%
That's
100%
Outro That’s
100%
(That's
100%
the
100%
up
100%
wake
100%
When
100%
"When
100%
when,
100%
when
100%
Couplet 1 You
100%
you
100%
your
100%
baby
88%
come
88%
cryin'
88%
face
88%
face)
88%
it
88%
know"
88%
me
88%
me?"
88%
or
88%
said,
88%
said
88%
see
88%
Then
88%
this"
88%
this)
88%
was
88%
were
88%
all
75%
back
75%
back?"
75%
can
75%
did
75%
go
75%
gone,
75%
I'll
75%
I'm
75%
let
75%
love
75%
need
75%
of
75%
some
75%
space
75%
think
75%
time,
75%
To
75%
to
75%
woke
75%
wrong,
75%
about
63%
be
63%
Came
63%
ever
63%
"Honestly
63%
it's
63%
"Leave
63%
my
63%
phone
63%
saw
63%
sunny
63%
through
63%
(through
63%
at
50%
front
50%
knew
50%
miss
50%
mistakes
50%
morning
50%
our
50%
past"
50%
put
50%
take
50%
tears
50%
waitin'
50%
want
50%
gate
38%
gate)
38%
hard
38%
harder
38%
Laughin'
38%
laughin',
38%
made
38%
those
38%
watched
38%
words
38%
hear
25%
stormin'
25%
stormin')
25%
Yeah
25%
Aucun quiz correspondant
Distribution des résultats
% des personnes avec chaque résultat
Percentile par nombre de réponses
Votre historique - résultats
Vous n’avez pas pris ce quiz